| 000 | 00686nam a2200217 a 4500 | ||
|---|---|---|---|
| 999 |
_c3606 _d3606 |
||
| 001 | 3606 | ||
| 003 | BD-JhCC | ||
| 005 | 20171115181144.0 | ||
| 008 | 171115s1371 bg |||| ||a| 000 0 ben d | ||
| 035 | _a(BD-JhCC)3606 | ||
| 040 |
_aBD-JhCC _dBD-JhCC |
||
| 041 | _aben | ||
| 082 |
_a891.442 _bRAS 1371 |
||
| 100 | _aরশীদ, আ. ন. ম. বজলুর | ||
| 245 |
_aউত্তর ফাল্গুনী : _bপঞ্চাঙ্ক কমেডি / _cআ. ন. ম. বজলুর রশীদ |
||
| 260 |
_aঢাকা : _bবাংলা একাডেমী, _c1371. |
||
| 300 |
_a116 p. : _c21 cm. |
||
| 650 | _aBengali Drama | ||
| 942 |
_2ddc _cBK |
||